[Event "78th NED-ch"]
[Site "Utrecht NED"]
[Date "2023.07.07"]
[Round "3.4"]
[White "Warmerdam, Max"]
[Black "Giri, Anish"]
[Result "0-1"]
[WhiteElo "2602"]
[BlackElo "2772"]
[EventDate "2023.07.02"]
[PlyCount "122"]

1.e4 e5 2.Nf3 Nc6 3.Bb5 Nf6 4.d3 Bc5 5.c3 O-O 6.O-O d5 7.exd5 Qxd5 8.Bc4 
Qd8 9.b4 Bd6 10.Re1 h6 11.Nbd2 a6 12.a4 Re8 13.Qc2 Bf5 14.Bb2 Qd7 15.Ne4 
Nxe4 16.dxe4 Be6 17.Bf1 f6 18.Nd2 Qf7 19.Ba3 Red8 20.b5 axb5 21.Bxd6 Rxd6 
22.axb5 Na5 23.c4 Rad8 24.Nf3 Nxc4 25.Ra7 c6 26.bxc6 Rxc6 27.Qb1 Rc7 28.
Bxc4 Bxc4 29.Qb6 Rdc8 30.Ra3 Kh7 31.h3 Ba6 32.Nh4 Rc1 33.Rxc1 Rxc1+ 34.Kh2
Rc6 35.Qb4 Rc4 36.Qb1 Qc7 37.Rg3 Rc3 38.Rg4 Be2 39.f3 h5 40.Rg6 Rc1 41.Qb2
Ba6 42.Qf2 Qc5 43.Qxc5 Rxc5 44.g4 hxg4 45.Rxg4 g5 46.Nf5 Rc2+ 47.Kg1 Rc1+ 
48.Kf2 Rc2+ 49.Ke1 Re2+ 50.Kd1 Rf2 51.Rg3 Rh2 52.h4 gxh4 53.Rg7+ Kh8 54.
Rg6 Be2+ 55.Ke1 Bxf3 56.Rh6+ Kg8 57.Rxf6 Bxe4 58.Nd6 Bc6 59.Rf5 h3 60.Rxe5
Ra2 61.Rg5+ Kf8 0-1

[Event "78th NED-ch"]
[Site "Utrecht NED"]
[Date "2023.07.06"]
[Round "3.1"]
[White "Van Foreest, Jorden"]
[Black "l`Ami, Erwin"]
[Result "1-0"]
[WhiteElo "2695"]
[BlackElo "2645"]
[EventDate "2023.07.02"]
[PlyCount "75"]

1.d4 d5 2.c4 e6 3.Nc3 Nf6 4.cxd5 exd5 5.Bg5 c6 6.Qc2 h6 7.Bh4 Be6 8.e3 
Nbd7 9.f3 c5 10.Nge2 Rc8 11.Nf4 Bd6 12.Nxe6 fxe6 13.Qg6+ Kf8 14.Bb5 Qe8 
15.Qc2 g5 16.Bg3 Bxg3+ 17.hxg3 a6 18.Bxd7 Qxd7 19.dxc5 Rxc5 20.Qd3 Kg7 21.
O-O-O Qf7 22.Kb1 Qg6 23.e4 Rhc8 24.Rhe1 R8c6 25.a3 b5 26.Ka1 Rc4 27.Qe3 
Qf7 28.exd5 Nxd5 29.Nxd5 exd5 30.Kb1 Qf5+ 31.Ka2 Rc2 32.Qd4+ Qf6 33.Re7+ 
Kf8 34.Re5 Rxg2 35.Rde1 Rd6 36.Re8+ Kf7 37.Qa7+ Kg6 38.Rg8+ 1-0

[Event "78th NED-ch"]
[Site "Utrecht NED"]
[Date "2023.07.07"]
[Round "3.2"]
[White "l`Ami, Erwin"]
[Black "Van Foreest, Jorden"]
[Result "1-0"]
[WhiteElo "2645"]
[BlackElo "2695"]
[EventDate "2023.07.02"]
[PlyCount "107"]

1.d4 Nf6 2.c4 g6 3.Nc3 Bg7 4.Nf3 O-O 5.Bg5 h6 6.Bh4 d6 7.e3 Nc6 8.d5 Nb4 
9.Be2 g5 10.Bg3 Nh5 11.Nd4 Nxg3 12.hxg3 c5 13.dxc6 Nxc6 14.Qd2 Qa5 15.O-O 
Bd7 16.Rfd1 Rac8 17.Rac1 Rfe8 18.b3 g4 19.Bf1 Nxd4 20.exd4 Qg5 21.Qb2 h5 
22.Qa3 a6 23.Nd5 Be6 24.Nb6 Rcd8 25.b4 Bf5 26.Qe3 Qg6 27.Bd3 e6 28.Rc2 d5 
29.c5 e5 30.Bxf5 Qxf5 31.Re2 Kf8 32.dxe5 Rxe5 33.Qd2 Rxe2 34.Qxe2 Re8 35.
Qd2 d4 36.Nc4 Re7 37.a3 Qd5 38.Qd3 Kg8 39.Ne3 Qe6 40.Nf5 Rd7 41.Nd6 Re7 
42.Kf1 Qa2 43.Nf5 Re6 44.Nxg7 Kxg7 45.Qxd4+ Kg6 46.Qd3+ Kg7 47.Kg1 Qb2 48.
Qd5 Re5 49.Qxb7 Qxa3 50.c6 Qb3 51.Qd7 Re4 52.c7 Rc4 53.Qd5 Qc2 54.Qe5+ 1-0

[Event "78th NED-ch"]
[Site "Utrecht NED"]
[Date "2023.07.07"]
[Round "3.3"]
[White "l`Ami, Erwin"]
[Black "Van Foreest, Jorden"]
[Result "0-1"]
[WhiteElo "2645"]
[BlackElo "2695"]
[EventDate "2023.07.02"]
[PlyCount "78"]

1.d4 Nf6 2.c4 g6 3.Nf3 Bg7 4.g3 c6 5.Bg2 d5 6.cxd5 cxd5 7.Nc3 Nc6 8.Ne5 
O-O 9.O-O Bf5 10.Nxc6 bxc6 11.b3 h5 12.Bb2 h4 13.Rc1 Rc8 14.Na4 hxg3 15.
hxg3 Ng4 16.Bf3 Re8 17.e4 Nxf2 18.Kxf2 dxe4 19.Be2 e5 20.dxe5 Qg5 21.Qd4 
Bh3 22.Qe3 Qxe3+ 23.Kxe3 Bxf1 24.Rxf1 Bxe5 25.g4 Kg7 26.Bxe5+ Rxe5 27.Nb2 
Rh8 28.Nc4 Re7 29.Kd4 Rh2 30.Re1 f5 31.gxf5 gxf5 32.Kc5 f4 33.Bf3 e3 34.
Bxc6 Rxa2 35.b4 Kf6 36.b5 Rf2 37.Kd6 Re6+ 38.Kc7 Rc2 39.Nd6 f3 0-1

[Event "78th NED-ch"]
[Site "Utrecht NED"]
[Date "2023.07.07"]
[Round "3.4"]
[White "Van Foreest, Jorden"]
[Black "l`Ami, Erwin"]
[Result "0-1"]
[WhiteElo "2695"]
[BlackElo "2645"]
[EventDate "2023.07.02"]
[PlyCount "106"]

1.e4 c5 2.Nf3 Nc6 3.c3 Nf6 4.e5 Nd5 5.d4 cxd4 6.cxd4 d6 7.Bc4 dxe5 8.dxe5 
Ndb4 9.Qb3 e6 10.O-O Na5 11.Bb5+ Bd7 12.Qa4 Bxb5 13.Qxb5+ Nac6 14.Nc3 a6 
15.Qc4 Qd3 16.Qg4 h5 17.Qf4 Rd8 18.Be3 Nd5 19.Nxd5 Rxd5 20.Rac1 Be7 21.Qg3
Kf8 22.Bg5 Bxg5 23.Qxg5 f6 24.Qf4 Ke7 25.exf6+ gxf6 26.Rfe1 Rg8 27.Rc3 Qg6
28.g3 Qg4 29.Qe3 e5 30.b3 Kf7 31.Rc4 Qg6 32.Nh4 Qg5 33.Qe4 Rd7 34.Nf5 Rgd8
35.Rcc1 Ke6 36.Nh4 Rd4 37.Nf3 Qxc1 38.Nxd4+ Rxd4 39.Qe2 Qg5 40.a3 Qg4 41.
Qc2 Qf5 42.Qc3 Qd3 43.Qc5 Rd6 44.b4 Qd5 45.Qc2 Nd4 46.Qc8+ Ke7 47.Re3 Rd8 
48.Qc3 Kd7 49.h4 Rc8 50.Qb2 Nf3+ 51.Kf1 Qd1+ 52.Kg2 Nd4 53.b5 Rc1 0-1

[Event "78th NED-ch"]
[Site "Utrecht NED"]
[Date "2023.07.07"]
[Round "3.5"]
[White "Van Foreest, Jorden"]
[Black "l`Ami, Erwin"]
[Result "1-0"]
[WhiteElo "2695"]
[BlackElo "2645"]
[EventDate "2023.07.02"]
[PlyCount "59"]

1.d4 Nf6 2.c4 e6 3.Nc3 d5 4.cxd5 exd5 5.Bg5 c6 6.Qc2 h6 7.Bh4 Be6 8.e3 
Nbd7 9.Be2 Bd6 10.Bd3 Rc8 11.Nge2 O-O 12.h3 b5 13.Bg3 Bxg3 14.Nxg3 b4 15.
Na4 Qa5 16.O-O c5 17.Nxc5 Nxc5 18.dxc5 Rxc5 19.Qd2 Rd8 20.a3 b3 21.Qxa5 
Rxa5 22.Ne2 Nd7 23.Nd4 Nc5 24.Nc6 Nxd3 25.Nxa5 Rb8 26.Nc6 Rb7 27.Rfd1 Bf5 
28.Rd2 Kh7 29.Rad1 Rc7 30.Nd4 1-0

[Event "78th NED-ch"]
[Site "Utrecht NED"]
[Date "2023.07.07"]
[Round "3.6"]
[White "l`Ami, Erwin"]
[Black "Van Foreest, Jorden"]
[Result "1/2-1/2"]
[WhiteElo "2645"]
[BlackElo "2695"]
[EventDate "2023.07.02"]
[PlyCount "104"]

1.d4 d5 2.c4 c6 3.cxd5 cxd5 4.Bf4 Nc6 5.e3 Nf6 6.Nc3 a6 7.Bd3 Bg4 8.Nge2 
e6 9.h3 Bxe2 10.Qxe2 Bd6 11.Bg5 Be7 12.O-O O-O 13.Rac1 h6 14.Bh4 Ne8 15.
Bg3 Bd6 16.Bb1 Rc8 17.Rcd1 f5 18.Bxd6 Nxd6 19.Rc1 Qe7 20.Qd1 Rc7 21.Ne2 g5
22.a3 Nc4 23.Rc2 Kg7 24.Qd3 Nd6 25.Rfc1 Rfc8 26.Ba2 Nd8 27.Nc3 Ne4 28.Na4 
Rxc2 29.Rxc2 Rc7 30.Bb1 h5 31.Qd1 Rxc2 32.Bxc2 Nf6 33.b4 Nf7 34.Nc5 Nd6 
35.Bd3 Kf7 36.a4 Qc7 37.a5 g4 38.h4 Nde4 39.Qe1 Ke7 40.g3 Kf7 41.Kg2 Nxc5 
42.bxc5 Nd7 43.Bc2 Nb8 44.Ba4 Nc6 45.Bxc6 Qxc6 46.Qb4 Ke7 47.Qa3 Kd7 48.
Kf1 Qb5+ 49.Ke1 Qb1+ 50.Ke2 Qb5+ 51.Ke1 Qb1+ 52.Ke2 Qb5+ 1/2-1/2

[Event "78th NED-ch"]
[Site "Utrecht NED"]
[Date "2023.07.08"]
[Round "4.1"]
[White "Giri, Anish"]
[Black "Van Foreest, Jorden"]
[Result "1/2-1/2"]
[WhiteElo "2772"]
[BlackElo "2695"]
[EventDate "2023.07.02"]
[PlyCount "49"]

1.e4 e5 2.Nf3 Nc6 3.Bc4 Nf6 4.d3 Be7 5.O-O O-O 6.Re1 d6 7.a4 Na5 8.Ba2 c5 
9.c3 Nc6 10.Na3 h6 11.h3 a6 12.Bd2 Bd7 13.Nc2 Be6 14.Bxe6 fxe6 15.b4 cxb4 
16.Nxb4 Na5 17.c4 Rc8 18.Rb1 Qd7 19.Be3 Nh7 20.Rb2 Bd8 21.Rf1 Nf6 22.Kh1 
Kh7 23.Kg1 Kg8 24.Kh1 Kh7 25.Kg1 1/2-1/2

[Event "78th NED-ch"]
[Site "Utrecht NED"]
[Date "2023.07.09"]
[Round "4.2"]
[White "Van Foreest, Jorden"]
[Black "Giri, Anish"]
[Result "1/2-1/2"]
[WhiteElo "2695"]
[BlackElo "2772"]
[EventDate "2023.07.02"]
[PlyCount "45"]

1.e4 e5 2.Nf3 Nc6 3.Bc4 Nf6 4.d3 Bc5 5.Nc3 h6 6.Be3 Bb4 7.O-O Bxc3 8.bxc3 
O-O 9.Re1 d6 10.h3 Be6 11.Bb3 a5 12.Bd2 a4 13.Bxe6 fxe6 14.Rb1 b6 15.Nh2 
Qe8 16.Nf1 Nh5 17.Be3 Qg6 18.Qg4 Qf7 19.Bxh6 Nf6 20.Qg3 Nh5 21.Qg4 Nf6 22.
Qg3 Nh5 23.Qg4 1/2-1/2

[Event "78th NED-ch"]
[Site "Utrecht NED"]
[Date "2023.07.09"]
[Round "4.3"]
[White "Giri, Anish"]
[Black "Van Foreest, Jorden"]
[Result "1/2-1/2"]
[WhiteElo "2772"]
[BlackElo "2695"]
[EventDate "2023.07.02"]
[PlyCount "152"]

1.e4 e5 2.Nf3 Nc6 3.Bc4 Nf6 4.d3 Be7 5.O-O O-O 6.Re1 d6 7.a4 Be6 8.Nbd2 
Bxc4 9.Nxc4 Re8 10.h3 h6 11.b3 Bf8 12.Bb2 Qd7 13.Ne3 Ne7 14.a5 a6 15.c4 c6
16.Nh4 Rad8 17.Qf3 Ng6 18.Nhf5 Qe6 19.Ng4 Nxg4 20.hxg4 d5 21.exd5 cxd5 22.
Qg3 dxc4 23.bxc4 Qd7 24.d4 exd4 25.Bxd4 Ne7 26.Nxe7+ Rxe7 27.Bb6 Rxe1+ 28.
Rxe1 Rc8 29.Qf4 Bc5 30.Qe4 Qc6 31.Qxc6 Rxc6 32.Bxc5 Rxc5 33.Re8+ Kh7 34.
Re7 Rxc4 35.Rxb7 Rxg4 36.Ra7 Rg6 37.Rxf7 Rg5 38.Ra7 Rxa5 39.g4 Kg6 40.Kg2 
Kf6 41.Kg3 Ra1 42.f3 Ra3 43.Kf4 Ra4+ 44.Kg3 a5 45.Ra6+ Kf7 46.Ra7+ Kg6 47.
Ra6+ Kh7 48.f4 Ra3+ 49.Kg2 Ra2+ 50.Kg3 a4 51.g5 hxg5 52.fxg5 a3 53.Kh3 Ra1
54.Kg2 Kg8 55.g6 Kf8 56.Ra7 Ra2+ 57.Kg3 Ra1 58.Kg2 a2 59.Rf7+ Ke8 60.Ra7 
Kd8 61.Kh2 Kc8 62.Kg2 Kb8 63.Ra3 Kc7 64.Ra6 Kb7 65.Ra3 Kc6 66.Ra7 Kd5 67.
Ra5+ Ke4 68.Ra8 Kf5 69.Ra6 Kg5 70.Kh2 Kf4 71.Kg2 Ke3 72.Ra8 Kd3 73.Rd8+ 
Kc3 74.Rc8+ Kb3 75.Rb8+ Kc3 76.Rc8+ Kb3 1/2-1/2

[Event "78th NED-ch"]
[Site "Utrecht NED"]
[Date "2023.07.09"]
[Round "4.4"]
[White "Van Foreest, Jorden"]
[Black "Giri, Anish"]
[Result "1/2-1/2"]
[WhiteElo "2695"]
[BlackElo "2772"]
[EventDate "2023.07.02"]
[PlyCount "182"]

1.e4 e5 2.Nf3 Nc6 3.Bb5 Nf6 4.d3 Bc5 5.Bxc6 dxc6 6.O-O Bd6 7.Nbd2 Be6 8.b3
Nd7 9.Nc4 Bxc4 10.bxc4 Qe7 11.a4 a5 12.Bg5 f6 13.Bd2 b6 14.Kh1 O-O-O 15.
Be3 g6 16.Qe2 Kb7 17.Rfb1 Ra8 18.c3 c5 19.Rb5 Qe6 20.Rab1 Rhe8 21.Nd2 f5 
22.f3 c6 23.R5b2 Kc7 24.Bf2 h5 25.h3 Rg8 26.d4 exd4 27.cxd4 cxd4 28.Bxd4 
Bb4 29.Qe3 Rge8 30.Qg5 c5 31.Bg1 Kb7 32.Bh2 Rad8 33.Qf4 Ka6 34.Bg3 Ne5 35.
exf5 Qxf5 36.Qxf5 gxf5 37.Bxe5 Rxe5 38.Nf1 f4 39.g4 fxg3 40.Nxg3 Rd3 41.
Kg2 Rc3 42.Ne4 Rxc4 43.Rd1 Rd4 44.Rxd4 cxd4 45.Kf2 b5 46.axb5+ Kxb5 47.Ke2
Kc4 48.Ra2 Kb3 49.Ra1 Bc3 50.Rc1 Kc4 51.Kd1 a4 52.Kc2 d3+ 53.Kd1 Rxe4 54.
fxe4 Kd4 55.e5 Bb4 56.e6 a3 57.Rc7 Kd5 58.e7 a2 59.Ra7 Bxe7 60.Rxa2 Ke4 
61.Ra5 h4 62.Ra7 Bg5 63.Rd7 d2 64.Ke2 Bf4 65.Ra7 Bg5 66.Ra4+ Ke5 67.Ra7 
Ke4 68.Rd7 Bf4 69.Rg7 Kf5 70.Rg4 Bg5 71.Rg1 Kf6 72.Kf3 Kf5 73.Rf1 Bf4 74.
Ra1 Bg5 75.Rb1 Bf4 76.Rb5+ Kf6 77.Rd5 Ke6 78.Ke4 Bg5 79.Rd3 Kf6 80.Kd5 Kf5
81.Rf3+ Bf4 82.Rf1 Kg5 83.Ke4 Bg3 84.Rd1 Be1 85.Ra1 Kf6 86.Rb1 Ke6 87.Kf3 
Kd5 88.Ke2 Ke4 89.Rb4+ Kf5 90.Rxh4 Bxh4 91.Kxd2 Ke5 1/2-1/2

[Event "78th NED-ch"]
[Site "Utrecht NED"]
[Date "2023.07.09"]
[Round "4.5"]
[White "Van Foreest, Jorden"]
[Black "Giri, Anish"]
[Result "0-1"]
[WhiteElo "2695"]
[BlackElo "2772"]
[EventDate "2023.07.02"]
[PlyCount "104"]

1.e4 e5 2.Nf3 Nc6 3.Bc4 Nf6 4.d3 Bc5 5.Nc3 d6 6.Na4 Bb6 7.a3 h6 8.O-O O-O 
9.h3 Qe8 10.b4 Be6 11.Bxe6 fxe6 12.c3 Ne7 13.Ra2 Nh5 14.Nxb6 axb6 15.g3 b5
16.Kg2 b6 17.Nh2 Nf6 18.Be3 Qc6 19.Bd2 d5 20.f3 Rad8 21.Qe2 Rd7 22.Ng4 Ng6
23.Nf2 Rdf7 24.Kh2 Qd7 25.Be3 Nh7 26.Kg2 d4 27.cxd4 exd4 28.Bc1 Rxf3 29.
Qxf3 Rxf3 30.Kxf3 Ne5+ 31.Kg2 g5 32.Rc2 Nf8 33.Bb2 Nfg6 34.Rfc1 c6 35.Rf1 
h5 36.Bc1 Qe7 37.Bd2 h4 38.Ng4 Nxg4 39.hxg4 Qd6 40.gxh4 gxh4 41.Rf3 c5 42.
Bg5 Qe5 43.Bh6 c4 44.Kh3 Qc7 45.Bg5 Ne5 46.Rf6 Qg7 47.Kxh4 Nf7 48.Rxf7 
Qxf7 49.dxc4 d3 50.Rc3 Qf2+ 51.Kh5 Qh2+ 52.Bh4 Qe5+ 0-1

[Event "78th NED-ch"]
[Site "Utrecht NED"]
[Date "2023.07.09"]
[Round "4.6"]
[White "Giri, Anish"]
[Black "Van Foreest, Jorden"]
[Result "1/2-1/2"]
[WhiteElo "2772"]
[BlackElo "2695"]
[EventDate "2023.07.02"]
[PlyCount "119"]

1.e4 c5 2.Nf3 d6 3.d4 cxd4 4.Nxd4 Nf6 5.Nc3 a6 6.a4 g6 7.Be2 Bg7 8.O-O O-O
9.Be3 Nc6 10.Qd2 Rb8 11.Rfd1 Bd7 12.f3 Re8 13.Nb3 Be6 14.Nd4 Bd7 15.Nb3 h5
16.a5 h4 17.Bb6 Qc8 18.Bf1 Ne5 19.Qf2 g5 20.h3 Ng6 21.Be3 Nh7 22.Nd4 Be5 
23.Qd2 Kh8 24.Nd5 Rg8 25.c4 Rg7 26.Nb6 Qc7 27.Nxd7 Qxd7 28.Nf5 Qe6 29.Nxg7
Kxg7 30.Bxg5 Nxg5 31.Qxg5 Bxb2 32.Rab1 Ba3 33.c5 Bxc5+ 34.Kh1 f6 35.Qf5 
Qe5 36.Bxa6 Ra8 37.Bxb7 Rxa5 38.Bd5 Qxf5 39.exf5 Nf4 40.Bc4 Bf2 41.Be6 
Nxe6 42.fxe6 Re5 43.Rb2 Bg3 44.Kg1 Rxe6 45.Kf1 d5 46.Rbd2 Ra6 47.Rxd5 e6 
48.R5d2 f5 49.Re2 Kf6 50.Rc1 e5 51.Rd1 Ra4 52.Rc1 Kg5 53.Rec2 Ra3 54.Rc3 
Ra7 55.Rc7 Ra6 56.R7c6 Ra7 57.Rc7 Ra2 58.R7c2 Ra3 59.Rc3 Ra2 60.R3c2 
1/2-1/2